| 000 | 00860cam a22002897a 4500 | ||
|---|---|---|---|
| 999 |
_c4842 _d4842 |
||
| 001 | 2085491 | ||
| 003 | GZU | ||
| 005 | 20210324115928.0 | ||
| 008 | 951207s1992 rh 000 0 nde | ||
| 010 | _a 94982819 | ||
| 020 | _a1779010141 | ||
| 040 |
_aDLC _cDLC |
||
| 042 | _alcode | ||
| 050 | 0 | 0 | _aPL8681.4 HLE 1992 |
| 100 | 1 |
_aHleza, Ezekiel S. K., _d1963- |
|
| 245 | 1 | 0 |
_aEmfuleni wezinyembezi / _cEzekiel S.K. Hleza. |
| 260 |
_aHarare, Zimbabwe : _bZimbabwe Pub. House, _c1992. |
||
| 300 |
_a111 p. ; _c19 cm. |
||
| 440 | 0 |
_aZPH writers series ; _v45 |
|
| 520 | _aA novel. | ||
| 546 | _aIn Ndebele. | ||
| 650 | 0 | _aNdebele fiction (Zimbabwe) | |
| 650 | 0 |
_aNdebele language (Zimbabwe) _vTexts. |
|
| 906 |
_a7 _bcbc _corigode _du _encip _f19 _gy-gencatlg |
||
| 942 |
_2lcc _cBK _h8681.4 _iHLE _kPL _m1992 |
||